|
|
|
|
| LEADER |
00000nab a2200000 a 4500 |
| 001 |
vtls000310346 |
| 003 |
SK-MaSNL |
| 005 |
20260303160343.0 |
| 008 |
230223c1977 xo 0 slo |
| 015 |
|
|
|a SNBRB19rr/mm-uuuuu
|
| 035 |
|
|
|a CL0000438
|
| 035 |
|
|
|a urn:nbn:sk:snk-abd12p
|
| 035 |
|
|
|a (urnnbn)urn:nbn:sk:snk:ar-007el7
|
| 035 |
|
|
|a (uuid)32521f47-16f3-461a-a7d1-4570fe0e8942
|
| 040 |
|
|
|a SNKBUCL
|b slo
|c SNKBUCL
|e AACR2
|
| 041 |
0 |
|
|a slo
|
| 044 |
|
|
|a xo
|c SK
|
| 080 |
|
|
|a 347.6
|2 1981
|
| 100 |
1 |
|
|a Sopková, Eva
|4 aut
|9 473955
|
| 245 |
1 |
0 |
|a Spolupráca okresného súdu a manželskej a predmanželskej poradne v prevencii rozvodovosti
|c Eva Sopková, Peter Sopko
|
| 650 |
0 |
7 |
|a poradne manželské a predmanželské
|2 snkbucl
|9 926090
|
| 650 |
0 |
7 |
|a súdy
|2 snkbucl
|9 4646
|
| 650 |
0 |
7 |
|a manželstvo
|2 snkbucl
|9 659
|
| 655 |
|
7 |
|a články z novín a časopisov
|2 snkbucl
|9 267496
|
| 700 |
1 |
|
|a Sopko, Peter
|4 aut
|9 271065
|
| 773 |
0 |
|
|t Socialistické súdnictvo
|g Roč. 29, č. 12 (1977), s. 32-34
|
| 850 |
|
|
|a Slovenská národná knižnica v Martine
|a MTA001
|
| 852 |
|
|
|a SNK
|b KIS3GCP
|
| 954 |
|
|
|a odborná, vedecká literatúra pôvodná (slovenská)
|2 lita
|
| 958 |
|
|
|a RK
|
| 958 |
|
|
|a OND
|
| 958 |
|
|
|a EUIPO
|
| 958 |
|
|
|a article17
|
| 992 |
|
|
|a RBX
|
| 999 |
|
|
|c 2046021
|d 2047951
|